000 00634nam a2200277Ia 4500
005 20260401125715.0
008 008 300114s9999 xx 000 0 eng d
020 _a9788122477368
037 _aEBOOK
040 _aCRL
040 _beng
040 _cCRL
041 _2eng
041 _aeng
084 _qCRL
100 _aVerma, R.C.
245 0 _aComputational Physics : An Introduction
250 _a3
260 _bNew Age
260 _c2023
650 _aComputer Science
856 _uhttps://digital.elib4u.com/product-details/399996
942 _cEBOOK
999 _c1847718
_d1847718